Witamy w Bibliotece Naukowej Instytutu Łączności!

Future directions in artificial intelligence : (Rekord nr 2304)

000 -LEADER
fixed length control field 01102cam a2200253 i 4500
005 - DATE AND TIME OF LATEST TRANSACTION
control field 20171212141808.0
008 - FIXED-LENGTH DATA ELEMENTS--GENERAL INFORMATION
fixed length control field 950223s1991 ne | |10| | eng|c
020 ## - INTERNATIONAL STANDARD BOOK NUMBER
International Standard Book Number 0444890483
035 ## - SYSTEM CONTROL NUMBER
System control number xx001597832
039 #9 - LEVEL OF BIBLIOGRAPHIC CONTROL AND CODING DETAIL [OBSOLETE]
Level of rules in bibliographic description 201609211338
Level of effort used to assign nonsubject heading access points kopilwa
Level of effort used to assign subject headings 201512110008
Level of effort used to assign classification AUTHORITY
Level of effort used to assign subject headings 201303191430
Level of effort used to assign classification vus
Level of effort used to assign subject headings 201210110126
Level of effort used to assign classification VLOAD
-- 201005051204
-- VLOAD
040 ## - CATALOGING SOURCE
Original cataloging agency NUKAT
Transcribing agency KR 93/ZP
Modifying agency KR 93/MN
-- KR 93/MK
245 00 - TITLE STATEMENT
Title Future directions in artificial intelligence :
Remainder of title IFIP TC 12 founding workshop collected papers /
Statement of responsibility, etc ed. by Peter A. Flach, Robert A. Meersman.
260 ## - PUBLICATION, DISTRIBUTION, ETC. (IMPRINT)
Place of publication, distribution, etc Amsterdam :
Name of publisher, distributor, etc North-Holland,
Date of publication, distribution, etc 1991.
300 ## - PHYSICAL DESCRIPTION
Extent XVI, 190 s. ;
Dimensions 23 cm.
500 ## - GENERAL NOTE
General note Zawiera materiały konferencji: Eleventh International Joint Conference on Artificial Intelligence, August 1989, Detroit.
504 ## - BIBLIOGRAPHY, ETC. NOTE
Bibliography, etc Bibliogr. s. 161-176.
650 ## - SUBJECT ADDED ENTRY--TOPICAL TERM
Topical term or geographic name as entry element Sztuczna inteligencja
Form subdivision konferencje.
700 1# - ADDED ENTRY--PERSONAL NAME
Personal name Flach, Peter A.
Relator term Red.
700 1# - ADDED ENTRY--PERSONAL NAME
Personal name Meersman, Robert A.
Dates associated with a name (1947- ).
Relator term Red.
711 2# - ADDED ENTRY--MEETING NAME
Meeting name or jurisdiction name as entry element International Joint Conference on Artificial Intelligence
Number of part/section/meeting (11 ;
Date of meeting 1989 ;
Location of meeting Detroit).
920 ## -
-- 0-444-89048-3
953 ## -
-- KR_93
961 ## -
-- WA_310
973 ## -
-- KAT_001
Egzemplarze
Withdrawn status Lost status Source of classification or shelving scheme Damaged status Not for loan Permanent Location Current Location Shelving location Date acquired Inventory number Full call number Barcode Date last seen Price effective from Koha item type
          Instytut Łączności Instytut Łączności Magazyn 1991-02-26 36743 36743 36743 2022-07-21 2017-11-30 Książki

Działa dzięki Koha